000
00317nam a22001337a 4500
008
170306b xxu||||| |||| 00| 0 eng d
020
_a
9780340809211
041
_a
eng
080
_2
4TH
_a
611
100
_a
6
101
_a
SHM
245
_a
AN INTRODUCTION TO CARDIOVASCULAR PHYSIOLOGY
_c
LEVICK, J.R
942
_2
udc
_c
BK
999
_c
6855
_d
6855